| 000 | 00443nam a2200181Ia 4500 | ||
|---|---|---|---|
| 001 | 1233 | ||
| 005 | 20260306140617.0 | ||
| 008 | 260306t1980||||xx |||||||||||||| ||spa|| | ||
| 041 | _aESP | ||
| 082 |
_a189.4 _bR86 |
||
| 100 |
_aRassam, Joseph _eAUT |
||
| 245 | 0 | _aIntroducción a la filosofía de Santo Tomas de Aquino | |
| 260 | _c1980 | ||
| 300 |
_a339 páginas : _c22 cm. |
||
| 650 | _aGEN | ||
| 654 | _aCHU | ||
| 942 |
_cLIB _dJUS _fJUS _2ddc _n |
||
| 999 |
_c1233 _d1233 |
||